Biblioteca y Centro de Documentación

Actes du Séminaire sur l'utilisatin des sources admnistratives à des fins statistiques, Luxembourg, 15-16 janvier 1997 (Registro nro. 6603)

Detalles MARC
000 -CABECERA
Longitud fija campo de control 01521nam a2200385 c 4500
001 - NÚMERO DE CONTROL
Número de control 6603
003 - IDENTIFICADOR DE NÚMERO DE CONTROL
Identificador del número de control ES-MaCES
005 - FECHA Y HORA DE LA ÚLTIMA TRANSACCIÓN
Fecha y hora de la última transacción 20150929135406.0
008 - CAMPO FIJO DE DESCRIPCIÓN FIJA--INFORMACIÓN GENERAL
Códigos de información de longitud fija   980311s1997 lu ||| | fre d
020 ## - ISBN (INTERNATIONAL STANDARD BOOK NUMBER)
Número Internacional Normalizado para Libros (ISBN) 9282811522
035 ## - NÚMERO DE CONTROL DEL SISTEMA
Número de control del sistema CES19980066642m
040 ## - FUENTE DE CATALOGACIÓN
Centro catalogador de origen ES-MaCES
Lengua de catalogación spa
Centro transcriptor ES-MaCES
111 2# - ENCABEZAMIENTO PRINCIPAL--NOMBRE DE REUNIÓN
Nombre de congreso o jurisdicción como elemento de entrada Séminaire sur l'utilisation des sources administratives à des fins statistiques
Fecha del congreso 1997
Sede del congreso Luxemburgo
9 (RLIN) 295
245 10 - MENCIÓN DE TÍTULO
Título Actes du Séminaire sur l'utilisatin des sources admnistratives à des fins statistiques, Luxembourg, 15-16 janvier 1997
Mención de responsabilidad, etc. Eurostat, Office statistique des Communautés européennes
260 ## - PUBLICACIÓN, DISTRIBUCIÓN, ETC (PIE DE IMPRENTA)
Lugar de publicación, distribución, etc. Luxembourg
Nombre del editor, distribuidor, etc. Office des Publications Officielles des Communautés européennes
Fecha de publicación, distribución, etc. 1997
300 ## - DESCRIPCIÓN FÍSICA
Extensión XII, 312 p.
Dimensiones 30 cm
490 1# - MENCIÓN DE SERIE
Mención de serie Thème 0, Divers. Série D, Études et recherche
500 ## - NOTA GENERAL
Nota general En la port., además: Document statistique
541 ## - NOTA DE LA FUENTE INMEDIANTE DE ADQUISICIÓN
Forma de adquisición Compra
650 #4 - ASIENTO SECUNDARIO DE MATERIA--TÉRMINO DE MATERIA
Término de materia o nombre geográfico como elemento inicial sistema de información administrativa
9 (RLIN) 28200
650 #4 - ASIENTO SECUNDARIO DE MATERIA--TÉRMINO DE MATERIA
Término de materia o nombre geográfico como elemento inicial servicio estadístico
9 (RLIN) 28839
650 #4 - ASIENTO SECUNDARIO DE MATERIA--TÉRMINO DE MATERIA
Término de materia o nombre geográfico como elemento inicial método estadístico
9 (RLIN) 29536
650 #4 - ASIENTO SECUNDARIO DE MATERIA--TÉRMINO DE MATERIA
Término de materia o nombre geográfico como elemento inicial análisis estadístico
9 (RLIN) 28889
650 #4 - ASIENTO SECUNDARIO DE MATERIA--TÉRMINO DE MATERIA
Término de materia o nombre geográfico como elemento inicial elaboración de datos
9 (RLIN) 28877
650 #4 - ASIENTO SECUNDARIO DE MATERIA--TÉRMINO DE MATERIA
Término de materia o nombre geográfico como elemento inicial protección de los datos
9 (RLIN) 29496
650 #4 - ASIENTO SECUNDARIO DE MATERIA--TÉRMINO DE MATERIA
Término de materia o nombre geográfico como elemento inicial estudio de casos
9 (RLIN) 28846
650 #4 - ASIENTO SECUNDARIO DE MATERIA--TÉRMINO DE MATERIA
Término de materia o nombre geográfico como elemento inicial conferencia
9 (RLIN) 27013
653 10 - TÉRMINO DE INDEXACIÓN--NO CONTROLADO
Término no controlado Estadísticas
650 #4 - ASIENTO SECUNDARIO DE MATERIA--TÉRMINO DE MATERIA
9 (RLIN) 28848
Término de materia o nombre geográfico como elemento inicial recopilación de datos
650 #4 - ASIENTO SECUNDARIO DE MATERIA--TÉRMINO DE MATERIA
9 (RLIN) 26752
Término de materia o nombre geográfico como elemento inicial UE
830 #0 - ENCABEZAMIENTO SECUNDARIO DE COLECCIÓN--TÍTULO UNIFORME
Título uniforme Thème 0, Divers
Nombre de parte o sección de la obra Série D, Études et recherche
9 (RLIN) 32981
902 ## - CES. TIPO DE DOCUMENTO
Tipodoc (006$c Sirtex) LIB Libro
942 ## - ELEMENTOS KOHA
Fuente de clasificaión o esquema Clasificación propia del CES
Koha [por defecto] tipo de item Monografías
Parte de clasificación 8.0.
Existencias
Número de registro Signatura completa Tipo de item de Koha
024355 DPT-11179 Monografías
© CES, Consejo Económico y Social de España 2021